| 000 | 00000nas 2200000za 4500 |
| 001 | 9.800051 |
| 003 | CaOODSP |
| 005 | 20221107134541 |
| 007 | cr ||||||||||| |
| 008 | 150420c20159999oncar p o f0 a0eng|d |
| 022 | |a2369-4386 |
| 040 | |aCaOODSP|beng |
| 043 | |an-cn--- |
| 086 | 1 |aPS61-32E-PDF|zPS61-32 |
| 110 | 2 |aWitness Protection Program (Canada) |
| 222 | 0|aAnnual report to the Commissioner ... |b(Witness Protection Program (Canada). Online) |
| 245 | 14|a... annual report to the Commissioner |h[electronic resource] / |cWitness Protection Program, Advisory Committee. |
| 246 | 13|aAnnual report ... |
| 260 | |aOttawa : |bRoyal Canadian Mounted Police, |cc2015- |
| 310 | |aAnnual |
| 362 | 1 |aBegan with: 1st (2015). |
| 500 | |aIssued also in French under title: Rapport annuel à l’intention du commissaire. |
| 692 | 07|2gccst|aPolicing |
| 693 | 4|aWitness protection |
| 710 | 2 |aRoyal Canadian Mounted Police. |
| 775 | 08|t... rapport annuel à l'intention du commissaire |w(CaOODSP)9.800052 |
| 776 | 0#|tAnnual report to the Commissioner |w(CaOODSP)9.802221 |